|
|
|
|
| LEADER |
01117nam a2200277 a 4500 |
| 001 |
587074 |
| 008 |
090512s1989 it a b i000 0 eng d |
| 010 |
|
|
|a 90146508
|
| 020 |
|
|
|a 9251028478
|
| 040 |
|
|
|a DJBF
|c DJBF
|d DNAL
|d WaU
|d OCoLC
|d DLC
|
| 082 |
0 |
0 |
|a 333.75
|2 18
|
| 999 |
|
|
|c 647
|d 647
|
| 999 |
|
|
|c 647
|
| 245 |
0 |
0 |
|a Forestry and food security.
|
| 260 |
|
|
|a Rome :
|b Food and Agriculture Organization of the United Nations,
|c 1989.
|
| 300 |
|
|
|a viii, 128 p. :
|b ill. ;
|c 30 cm.
|
| 440 |
|
0 |
|a FAO forestry paper ;
|v 90
|9 1503
|
| 504 |
|
|
|a Includes bibliographical references (p. 119-128).
|
| 541 |
|
|
|e 00011920
|
| 650 |
|
0 |
|a Forests and forestry
|x Economic aspects.
|9 1504
|
| 650 |
|
0 |
|a Forests and forestry
|x Social aspects.
|9 1505
|
| 650 |
|
0 |
|a Forests and forestry
|x Environmental aspects.
|9 1506
|
| 650 |
|
0 |
|a Agroforestry.
|9 1507
|
| 710 |
2 |
|
|a Food and Agriculture Organization of the United Nations.
|
| 942 |
|
|
|2 ddc
|c BK
|
| 952 |
|
|
|0 0
|1 0
|2 ddc
|4 0
|6 333_750000000000000_FOR
|7 0
|9 595
|a BRACUL
|b BRACUL
|c GEN
|d 2009-05-12
|g 0.00
|l 0
|o 333.75 FOR
|p 3010011920
|r 2009-05-12
|t 1
|w 2009-05-12
|y BK
|x No price found in the accession register.
|